[Event "FRA-chT4 0405"]
[Site "Bretagne"]
[Date "2004.12.05"]
[Round "3"]
[White "Guegan, Michel"]
[Black "Collas, Emmanuel"]
[Result "1-0"]
[WhiteElo "1710"]
[BlackElo "1450"]
[PlyCount "69"]
[EventDate "2004.04.03"]
[EventType "team"]
[EventRounds "7"]
[EventCountry "FRA"]
[SourceTitle "EXT 2007"]
[Source "ChessBase"]
[SourceDate "2006.11.23"]
[SourceVersion "1"]
[SourceVersionDate "2006.11.23"]
[SourceQuality "1"]

1. e4 c5 2. Nf3 d6 3. d4 cxd4 4. Nxd4 Nf6 5. Nc3 g6 6. Be3 Bg7 7. f3 0-0 8. Qd2 e5 9. Ndb5 Ne8 10. 0-0-0 a6 11. Nxd6 Nxd6 12. Qxd6 Qxd6 13. Rxd6 Nc6 14. Bc4 Re8 15. Nd5 Be6 16. Rxe6 fxe6 17. Nc7 Rac8 18. Bxe6+ Kh8 19. Nxe8 Rxe8 20. Bd7 Rd8 21. Bxc6 bxc6 22. Rd1 Rxd1+ 23. Kxd1 Bf8 24. Kd2 Bb4+ 25. Kd3 Kg7 26. Kc4 Be7 27. Bc5 Bd8 28. Bd6 Kf6 29. Kc5 Ke6 30. Kxc6 g5 31. c4 a5 32. Bc7 Bxc7 33. Kxc7 a4 34. b4 axb3 35. axb3 1-0

[Event "FRA-chT 0304 Regionale"]
[Site "Bretagne "]
[Date "2003.11.11"]
[Round "2"]
[White "Morla, Antoine"]
[Black "Collas, Emmanuel"]
[Result "1-0"]
[WhiteElo "1580"]
[BlackElo "1470"]
[PlyCount "95"]
[EventDate "2003.01.16"]
[EventType "team"]
[EventRounds "7"]
[EventCountry "FRA"]
[SourceTitle "EXT 2007"]
[Source "ChessBase"]
[SourceDate "2006.11.23"]
[SourceVersion "1"]
[SourceVersionDate "2006.11.23"]
[SourceQuality "1"]

1. d4 d6 2. c4 Nf6 3. Nc3 g6 4. Nf3 Bg7 5. e3 0-0 6. b3 Nc6 7. Bb2 Bg4 8. Be2 Bxf3 9. Bxf3 e5 10. d5 Ne7 11. 0-0 Nf5 12. Re1 Nd7 13. Bc1 Nc5 14. b4 e4 15. Bd2 exf3 16. bxc5 fxg2 17. Kxg2 Nh4+ 18. Kh1 Qf6 19. Qe2 Qf3+ 20. Qxf3 Nxf3 21. Ne4 Nxe1 22. Rxe1 f5 23. Ng5 dxc5 24. Ne6 Rfc8 25. Nxc5 b6 26. Ne6 a5 27. Rd1 Bf8 28. Bc3 Bd6 29. f4 Bc5 30. Rd3 a4 31. Be5 Bd6 32. Rc3 Bxe5 33. fxe5 h6 34. Kg2 Kf7 35. Nd4 Ra5 36. Kf3 Rc5 37. e4 fxe4+ 38. Kxe4 Ke7 39. h3 Rf8 40. Ne6 Rf5 41. Nxc5 bxc5 42. Rg3 Rf2 43. Rxg6 Rxa2 44. Rg7+ Kd8 45. d6 cxd6 46. exd6 Ra1 47. Kd5 a3 48. Kc6 1-0